000 00869cab a2200253 4500
001 ABS56425
008 090401t1997 xxu||||| |||| 00| 0 eng d
035 _a(Sirsi) u23506
041 _aeng
100 _aSmit, J.
245 _aChain reaction
260 _c1997
350 _a0
490 _aBuilding Procurement
_vJanuary 1997, 4-6(3)
520 _aPreviews the findings of an ESRC year-long study into partnering, based on the experience of 41 companies. Criticises many partnering arrangements for favouring those at the top end of the team hierarchy and sometimes leaving out the subcontractor. Details examples of effective partnering practice.
650 _aBULLIVANT
650 _aCOMMUNICATION
650 _aMCDONALDS
650 _aPARTNERING
650 _aSUBCONTRACTORS
690 _aBUILT ENVIRONMENT
942 _n0
948 _c04/03/1997
999 _c15709
_d15709